Systém pre optimalizáciu návrhu stokových sietí

Podrobná bibliografia
Hlavní autori: Stanko, Štefan, 1964- (Autor), Mahríková, Ivana, 1967 (Autor)
Médium: Článok
Jazyk:slovenčina
Fyzický popis:Obr.
ISBN:8080770433
Predmet:

MARC

LEADER 00000naa a2200000 a 4500
001 vtls010256219
003 SK-MaSNL
005 20260302132533.0
008 11030220s2005 xo o |0||||||||0|||b|sl
015 |a SNBRA2008/03 
035 |a SVKKK000088509 
038 |a SVKKK 
040 |a SVKKK  |b slo  |c SVKKK  |e AACR2 
041 0 |a slo  |b eng 
044 |a xo  |c SK 
080 |a 628.21  |2 1997 
100 1 |a Stanko, Štefan,  |d 1964-  |4 aut  |9 219541 
245 1 0 |a Systém pre optimalizáciu návrhu stokových sietí  |c Štefan Stanko, Ivana Mahríková 
300 |b Obr. 
504 |a Bibliogr. odkazy 
546 |a Res. angl. 
650 0 7 |a stokové siete  |x projekty  |x optimalizácia  |2 snkbucl  |9 817801 
700 1 |a Mahríková, Ivana,  |d 1967  |4 aut  |9 216933 
773 0 |t Rekonštrukcie stokových sietí a čistiarní odpadových vôd : 4. ročník bienálnej konferencie s medzinárodnou účasťou  |d Bratislava : Výskumný ústav vodného hospodárstva, 2005  |g S. 456-462  |z 8080770433 
852 |a SVKKK  |b BIB 
958 |a NB 
999 |c 1313641  |d 1315571